Microsoft Office Apps to Colors Quiz - Statistics

General Stats
  • This quiz has been taken 43 times
  • The average score is 5 of 8
Answer Stats
Color Application % Correct
Green Excel
97%
Dark blue Word
97%
Orange PowerPoint
92%
Blue Outlook
64%
Purple OneNote
59%
Teal Publisher
59%
Magenta Access
56%
Violet InfoPath
10%
No matching quizzes found
Score Distribution
Percent of People with Each Score
Percentile by Number Answered
Your Score History
You have not taken this quiz